International politics on the world stage

Đã lưu trong:
Chi tiết về thư mục
Tác giả chính: Rourke, John T
Định dạng: Sách
Được phát hành: Dushkin/McGraw-Hill 1997
Các nhãn: Thêm thẻ
Không có thẻ, Là người đầu tiên thẻ bản ghi này!
Thư viện lưu trữ: Mạng thư viện Đại học Đà Nẵng
LEADER 00556nam a2200229 a 4500
001 000029189
003 14352
005 20171030145630.0
008 171030s1997
040 |a LTT 
082 0 |a 327  |b RO-J 
100 1 |a Rourke, John T 
245 0 0 |a International politics on the world stage  |c John T. Rourke. 
260 |b Dushkin/McGraw-Hill  |c 1997 
500 |a ASIA 
OWN |a LTT 
999 |a From the UDN01 
TYP |a Monograph 
TYP |a Printed language 
980 |a Mạng thư viện Đại học Đà Nẵng